MARC
LEADER
00000nbm0a2200000 4500
001
152935
005
20231031151210.0
029
0
0
|a SU
|b 01880052991
|f ТПУ
035
|a (RuTPU)RU\TPU\book\165824
090
|a 152935
100
|a 20090206d1990 k y0rusy50 ca
101
0
|a rus
102
|a RU
105
|a a p 000zy
200
1
|a Научно - технический прогресс в условиях полного хозяйственного расчёта и самофинансирования
|e Заключительный отчет о НИР
|e Заказ - наряд ТОМ - II
|f Томский политехнический институт (ТПИ) ; руководитель Ю. С. Нехорошев ; В. В. Еремин
210
|a Томск
|d 1990
215
|a 19 л.
610
1
|a научно-технический прогресс
610
1
|a хозяйственный расчёт
610
1
|a самофинансирование
610
1
|a предприятия
610
1
|a производственная деятельность
610
1
|a анализ
610
1
|a синтез
610
1
|a товарная форма
610
1
|a отчеты о НИР
686
|a У9(2)0-551
|2 rubbk
702
1
|a Нехорошев
|b Ю. С.
|4 673
702
1
|a Еремин
|b В. В.
|4 677
712
0
2
|a Томский политехнический институт (ТПИ)
|c (1944-1991)
|2 stltpush
|3 (RuTPU)RU\TPU\col\1123
|4 595
801
1
|a RU
|b 63413507
|c 20090206
|g PSBO
801
2
|a RU
|b 63413507
|c 20130524
|g RCR
942
|c BK